000 00568nam a2200193Ia 4500
005 20250326142243.0
008 250326s9999 xx 000 0 und d
020 _a0-7494-335-15
037 _aTextbook
040 _aFMSL
_beng
_cFMSL
041 _aeng
_2eng
084 _aX:513 P1
_qFMSL
100 _aInd N
_9745811
245 0 _aLiving brand: How to transform every member of your organization into a brand champion
_cInd N
260 _aLondon
_bLondon, Kogan Page
_c2001
300 _a202p
942 _cTB
_hX:513 P1
999 _c1294146
_d1294146